000 00598nam a2200181Ia 4500
008 090201s9999 xx 000 0 und d
010 _aKPL-69584
040 _bमराठी
041 _aमराठी
082 _a48153
_b69584
100 _aशिरीष कणेकर
245 _aखटलं आणि खटला ( रामबाग )
_cशिरीष कणेकर
250 _a1
260 _c2005
_bदिलीप प्रकाशन
300 _a252
_bमध्यम
600 _aखटलं आणि खटला ( रामबाग )
942 _cBOOK
999 _c244812
_d244812